Legal case news (Record no. 83687)

MARC details
000 -LEADER
fixed length control field 01660cab a22002535a 4500
001 - CONTROL NUMBER
control field L154629
008 - FIXED-LENGTH DATA ELEMENTS--GENERAL INFORMATION
fixed length control field 120106e20111125xxk 000 0 eng d
035 ## - SYSTEM CONTROL NUMBER
System control number (Sirsi) u154629
041 0# - LANGUAGE CODE
Language code of text/sound track or separate title eng
100 1# - MAIN ENTRY--PERSONAL NAME
Personal name Gordon, Warren
245 00 - TITLE STATEMENT
Title Legal case news
Remainder of title judges enforce status quo after interim rent ruckus - Neale v Witney Electric Theatre
260 ## - PUBLICATION, DISTRIBUTION, ETC.
Date of publication, distribution, etc. 2011
490 #0 - SERIES STATEMENT
Series statement Property Week
Volume/sequential designation 77(42) 25 November 2011, 65(1)
520 ## - SUMMARY, ETC.
Summary, etc. "Neale v Witney Electric Theatre" [2011] EWCA Civ 1032, 15 July 2011 concerned the level of statutory interim rent payable by the business tenant where the tenant was not granted a renewal lease. Appellant business tenant N applied for a new tenancy under the Landlord and Tenant Act 1954 s 24 which was opposed by Respondent landlord W. N's application was dismissed by the court and the tenancy expired. N appealed against the CC's determination of the interim rent for the period from s25 notice to tenancy expiry. "Held": appeal dismissed. The CC judge had broad discretion in determining the interim and had arrived at a reasonable rent. N should continue to pay at the level of the passing rent to avoid unfairness to the landlord.
590 ## - LOCAL NOTE (RLIN)
Local note KA
650 24 - SUBJECT ADDED ENTRY--TOPICAL TERM
Topical term or geographic name entry element NEALE V WITNEY ELECTRIC THEATRE
650 24 - SUBJECT ADDED ENTRY--TOPICAL TERM
Topical term or geographic name entry element CHARLES FOLLETT LTD V CABTELL INVESTMENTS LTD
650 24 - SUBJECT ADDED ENTRY--TOPICAL TERM
Topical term or geographic name entry element LANDLORD AND TENANT ACT 1954 S24D
650 24 - SUBJECT ADDED ENTRY--TOPICAL TERM
Topical term or geographic name entry element LANDLORD AND TENANT ACT 1954 S 34(1)
650 24 - SUBJECT ADDED ENTRY--TOPICAL TERM
Topical term or geographic name entry element LANDLORD AND TENANT ACT 1954 S34(2)
651 #4 - SUBJECT ADDED ENTRY--GEOGRAPHIC NAME
Geographic name England and Wales
Chronological subdivision 1543-
690 ## - LOCAL SUBJECT ADDED ENTRY--TOPICAL TERM (OCLC, RLIN)
Topical term or geographic name as entry element PROPERTY-COMMERCIAL PROPERTY-LEASEHOLD COMMERCIAL PROPERTY-COMMERCIAL LANDLORD AND TENANT-COMMERCIAL LEASES-COMMERCIAL LEASE RENEWAL
942 ## - ADDED ENTRY ELEMENTS (KOHA)
Suppress in OPAC 0
Holdings
Withdrawn status Lost status Source of classification or shelving scheme Damaged status Not for loan Home library Current library Shelving location Date acquired Total Checkouts Full call number Barcode Date last seen Copy number Price effective from Koha item type
    Dewey Decimal Classification     London London Journal article 06/01/2012   L154629 154629-1001 06/08/2019 1 06/08/2019 Journal article